| 000 | 00759 a2200169 4500 | ||
|---|---|---|---|
| 003 | Nust | ||
| 005 | 20230328121908.0 | ||
| 040 | _cNust | ||
| 082 | _a808.82,CHA | ||
| 100 |
_aCoghill, Nevill _9111508 |
||
| 245 |
_aThe Canterbury Tales / _cNevill Coghill |
||
| 260 |
_bHarmondsworth _c1951 |
||
| 300 | _a527:p | ||
| 505 | _aIntroduction Chaucer’s Life (Page-9), The Canterbury Tables (Page-25), Introduction to the Man of Law’s Tale (Page-145), The physician’s Tale (Page-256) The Wife Bath’s prologue (Page-282), The Clerk’s prologue (Page-344), The Squire’s Prologue (Page-413), The Second Nun’s prologue (Page-457), The Manciple’s Prologue (Page-499), The Parson;s prologue (Page-509). | ||
| 650 |
_aNovel _92525 |
||
| 942 |
_2ddc _cBK |
||
| 999 |
_c186809 _d186809 |
||